The Essence of Information Systems. (Record no. 26)

MARC details
000 -LEADER
fixed length control field 00609cam a2200241ua 4500
008 - FIXED-LENGTH DATA ELEMENTS--GENERAL INFORMATION
fixed length control field 171012n ii |||gr||||Z||||||eng
020 ## - INTERNATIONAL STANDARD BOOK NUMBER
International Standard Book Number 81-203-1056-X
040 ## - CATALOGING SOURCE
Transcribing agency MAIN
041 ## - LANGUAGE CODE
-- eng
082 ## - DEWEY DECIMAL CLASSIFICATION NUMBER
Classification number 004
100 ## - MAIN ENTRY--PERSONAL NAME
Personal name Edwards, Chris.,
245 ## - TITLE STATEMENT
Title The Essence of Information Systems.
Statement of responsibility, etc. By Chris Edwards.
250 ## - EDITION STATEMENT
Edition statement 2nd.
260 ## - PUBLICATION, DISTRIBUTION, ETC.
Place of publication, distribution, etc. New Delhi.:
Name of publisher, distributor, etc. Prentice Hall of India.,
Date of publication, distribution, etc. 2003.
300 ## - PHYSICAL DESCRIPTION
Extent x, 211 p.:6 cm.
700 1# - ADDED ENTRY--PERSONAL NAME
Personal name Edwards, Chris.,
700 ## - ADDED ENTRY--PERSONAL NAME
Personal name Ward, John.,
700 ## - ADDED ENTRY--PERSONAL NAME
Personal name Bytheway, Andy.,
942 ## - ADDED ENTRY ELEMENTS (KOHA)
Koha item type Books
653 ## - INDEX TERM--UNCONTROLLED
Uncontrolled term Computer Science.
653 ## - INDEX TERM--UNCONTROLLED
Uncontrolled term Information Systems.
Holdings
Withdrawn status Lost status Damaged status Not for loan Home library Current library Shelving location Date acquired Total Checkouts Full call number Barcode Date last seen Copy number Price effective from Koha item type
        Central Library, Naharkatiya College Central Library, Naharkatiya College General Stacks 19/09/2020   004 | EDW 19108 19/09/2020 1 19/09/2020 Books

Naharkatiya College © 2020. All rights reserved.

Powered By